000 00518cam a22001934a 4500
005 20250605164311.0
008 250528s ||||||||||||||||||||||||d
035 _a22508
020 _a9789603445159
040 _aGR-AtMCL
_bgre
_dGR-AtMCL
_eAACR2
245 1 _aΨΥΧΟΜΕΤΡΙΑ ΤΟΜΟΣ Α
250 _a5
260 _bΕλληνικά Γράμματα,
_c1998
300 _a167
700 1 _aΑλεξοπουλος Σ. Δημητριος
_98318
942 _cBK
999 _c7560
_d7560